000 01139cam a22003494a 4500
999 _c527904
_d527904
001 14021313
003 NUST
005 20190821101758.0
008 050630s2006 njuabe b 001 0 eng
010 _a 2005018793
020 _a0131930680
035 _a(OCoLC)ocm61162015
038 _aM.Ramzan
040 _aDLC
_cDLC
_dBAKER
_dC#P
_dMUQ
_dDLC
042 _apcc
043 _an-us---
050 0 0 _aHT167
_b.L38 2006
082 0 0 _a307.1216097
_222
_bLEV
100 1 _aLevy, John M.
_919404
245 1 0 _aContemporary urban planning /
_cJohn M. Levy.
250 _a7th ed.
260 _aUpper Saddle River, N.J. :
_bPearson/Prentice Hall,
_cc2006.
300 _axii, 370 p. :
_bill., maps, plans ;
_c24 cm.
504 _aIncludes bibliographical references and index.
650 0 _aCity planning
_zUnited States.
_919405
650 0 _aUrban policy
_zUnited States.
_919406
650 0 _aUrbanization
_zUnited States.
_919407
650 0 _aSociology, Urban
_zUnited States.
_919408
906 _a7
_bcbc
_corignew
_d1
_eecip
_f20
_gy-gencatlg
942 _2ddc
_cBK